Special Lectures 2002 Real Property Law: Conquering the Complexities

Detalles Bibliográficos
Formato: eBook
Lenguaje:inglés
Publicado: Toronto: Irwin Law Inc., 2003
Materias:
Acceso en línea:Acceso restringido

MARC

LEADER 00000nam a22000007a 4500
005 20210831220845.0
007 cr|||| ||||
008 210831s2003 ca |||||s|||| 00||0 eng d
020 |a 9781459313729 
035 |a 35319 
040 |a vLex 
090 |c 12183  |d 12183 
245 0 0 |a Special Lectures 2002  |h [Recurso electrn̤ico] :  |b Real Property Law: Conquering the Complexities 
256 |a Servicio en ln̕ea 
260 |a Toronto:  |b Irwin Law Inc.,  |c 2003 
300 |a 1 recurso electrn̤ico 
500 |a The Law Society of Upper Canada 2002 Special Lectures is the first Special Lectures programme devoted to real estate in over 30 years. The material will be relevant to both solictors and barristers involved with real estate transactions or real estate litigation. The Lectures carefully examine the legal and practical issues that lawyers need to master to properly advise clients who are negotiating, performing, enforcing, and litigating contracts for the purchase and sale of land. These materials will likely become the real estate reference of choice for years to come. Program Chairs: Paul M. Perell, WeirFoulds LLP; and Sidney H. Troister, Torkin Manes Cohen Arbus LLP 
506 1 |a Disponible solo en los productos indicados  |d vLex Global  |d vLex Global (Academic Edition, excluding Law Schools)  |d vLex Global (U.S. Academic Edition, Law Schools)  |d vLex Global (U.S. Academic Edition, excluding Law Schools)  |d vLex Global (Academic Edition, Law Schools) 
650 0 4 |a Derecho Comunitario  |z Canad̀ 
740 0 |a vLex Libros (Servicio en ln̕ea) 
856 4 0 |u https://app.vlex.com/#/sources/35319  |z Acceso restringido 
942 |c BOOK 
999 0 |a Community Law